Entry Personal Name
Number of records used in: 1
001 - CONTROL NUMBER
003 - CONTROL NUMBER IDENTIFIER
005 - DATE AND TIME OF LATEST TRANSACTION
- control field:
20230907134238.0
008 - FIXED-LENGTH DATA ELEMENTS
- fixed length control field:
110418n| acannaabn |a aaa
010 ## - LIBRARY OF CONGRESS CONTROL NUMBER
- LC control number:
n 2010210035
040 ## - CATALOGING SOURCE
- Original cataloging agency:
DLC
- Language of cataloging:
eng
- Transcribing agency:
DLC
100 1# - HEADING--PERSONAL NAME
- Personal name:
Pulugurtha, Nishi
400 0# - SEE FROM TRACING--PERSONAL NAME
- Personal name:
Nishi Pulugurtha
670 ## - SOURCE DATA FOUND
- Source citation:
Derozio, 2010:
- Information found:
t.p. (Nishi Pulugurtha) p. 4 of cover (Dr.; currently asso. prof., Brahmanda Keshab Chandra Coll., Kolkata)